| 000 | 01030nam a2200265 a 4500 | ||
|---|---|---|---|
| 001 | BRCA_5963 | ||
| 005 | 20190320205259.0 | ||
| 008 | 250311s1866----enka######---#000-0#eng-# | ||
| 041 | _aeng | ||
| 044 | _aenk | ||
| 050 | 4 |
_aN7832 _b.J36 1866 |
|
| 100 | 1 |
_aJameson _915064 |
|
| 245 | 1 | 0 |
_aSacred and legendary art _cMrs. Jameson. |
| 250 | _a5 | ||
| 260 |
_aLondres _bLongmans, Green and Co. _c1866 |
||
| 300 |
_a2 v. _bil. (algunas a color), 19 láminas _c22 cm. |
||
| 500 | _aEstado físico: encuadernación deteriorada y lomo desprendido (v.1) | ||
| 500 | _aG85 | ||
| 505 | 0 | _aContenido: v.1. Legends of the angels and archangels, the evangelists, the apostles, the doctors of the church, and St. Mary Magdalene, as represented in the Fine Arts. -- v.2. The patron saints, the martyrs, the early bishops ; the hermit and the warrior saints of Christendom | |
| 650 | 1 | 4 |
_aArte cristiano antiguo _915065 |
| 650 | 1 | 4 |
_aSantos _xArte _915066 |
| 650 | 1 | 4 |
_aArte y simbolismo cristianos _94853 |
| 902 | _aGFM | ||
| 942 |
_2lcc _cB |
||
| 999 |
_c5652 _d5652 |
||